| 000 | 00445nam a2200181Ia 4500 | ||
|---|---|---|---|
| 005 | 20260615135804.0 | ||
| 008 | 131103s9999 xx 000 0 und d | ||
| 040 | _aLoreto College | ||
| 041 | _aEnglish | ||
| 082 |
_a847 _bDAN |
||
| 100 | _aDaninos, Pierre | ||
| 245 |
_aTout l'humour du monde _cPierre Daninos |
||
| 260 |
_a[s.l.] _bHachette _c1958 |
||
| 300 | _a224p. | ||
| 650 | _aFrench humor & satire | ||
| 850 | _aLCLIB | ||
| 942 | _cBK | ||
| 999 |
_c24509 _d74988 |
||